000 00773nam a2200217Ia 4500
005 20241129111029.0
008 241129s9999||||xx |||||||||||||| ||und||
020 _a9788194131823
037 _aTB
040 _aCRL
_bhin
_cCRL
041 _ahin
_2hin
084 _aO152,3N47x R0
_qCRL
100 _aस्वयं प्रकाशए लेण्
245 0 _aएक कौड़ी दिल से
_cस्वयं प्रकाशए लेण्
260 _a, भारत
_bदिल्लीए सस्ता साहित्य मण्डल प्रकाशनए
_c2020
300 _a157पृ0
365 _aINR
_b350
650 _aHindi LiteratureFiction
_9726203
942 _cTB
_hO152,3N47x R0
999 _c1228619
_d1228619